|
|
|
|
| LEADER |
00000cas a2200000 a 4500 |
| 001 |
vtls001450304 |
| 003 |
SK-MaSNL |
| 005 |
20260425194042.0 |
| 008 |
160415d20022002xo ar r 0 0 0eng |
| 015 |
|
|
|a SNBE2003/02-00929 (r. 2001)
|
| 020 |
|
|
|a 8088974321 (brož. : 2001)
|
| 035 |
|
|
|a SNK000405595
|
| 040 |
|
|
|a SNK
|b slo
|c SNK
|e AACR2
|
| 041 |
0 |
|
|a eng
|
| 043 |
|
|
|a e-xo---
|
| 044 |
|
|
|a xo
|c SK
|
| 072 |
|
7 |
|a 553
|x Ložisková geológia
|2 konspekt
|
| 072 |
|
7 |
|a 622
|x Baníctvo
|2 konspekt
|
| 080 |
|
|
|a 553
|2 2011
|
| 080 |
|
|
|a 622.3
|2 2011
|
| 080 |
|
|
|a (437.6)
|2 2011
|
| 080 |
|
|
|a (058)
|2 2011
|
| 080 |
|
|
|a 050
|2 2011
|
| 245 |
0 |
0 |
|a Slovak republic minerals yearbook ...
|b statistical data to ...
|
| 260 |
|
|
|a Bratislava
|b Geological Survey of Slovak Republic
|c [2002]
|
| 300 |
|
|
|a zv.
|c 21 cm
|
| 310 |
|
|
|a 1x ročne
|
| 362 |
0 |
|
|a [2001]
|
| 500 |
|
|
|a Súčasťou názvu a podnázvu je označenie bežného roku
|
| 500 |
|
|
|a V podnázve uvedený iný rok ako v názve, napr. r. 2001 má v podnázve: statistical data to r. 2000
|
| 650 |
0 |
7 |
|a nerastné suroviny
|2 SNKPH
|9 69294
|
| 651 |
|
7 |
|a Slovensko
|2 SNKPH
|9 14231
|
| 655 |
|
7 |
|a ročenky
|2 SNKPH
|9 57146
|
| 910 |
|
|
|a snk
|
| 919 |
|
|
|a 80-88974-32-1
|
| 958 |
|
|
|a TL
|
| 999 |
|
|
|c 2772
|d 4702
|
| 952 |
|
|
|a SNK
|b SNK
|y PREZ
|7 0
|p 17A0375949
|o snkČSD 2261/2001
|i snkKSP 3022/2003
|0 0
|1 0
|4 0
|d 2003-02-26
|l 0
|r 2005-01-02 00:00:00
|w 2026-02-21
|
| 952 |
|
|
|a SNK
|b SNK
|y PREZ
|7 0
|p 17A0375950
|o snkČSD 2261/2001 D1
|i snkKSP 3023/2003
|0 0
|1 0
|4 0
|d 2003-02-26
|l 0
|r 2005-01-02 00:00:00
|w 2026-02-21
|